Statistics for Computer Acronyms!

Click here to take the quiz!

General Stats

  • This quiz has been taken 1,743 times
    (1,739 since last reset)
  • The average score is 10 of 14

Answer Stats

AcronymAcronym unnabbreviated% Correct
WWWWorld Wide Web
98%
PCPersonal Computer
94%
RamRandom access memory
91%
CPUCentral Processing Unit
88%
LANLocal area network
81%
RomRead only memory
80%
LEDlight emitting diode
76%
IPInternet protocol
75%
FPSFrames per second
72%
LCDLiquid Crystal Display
57%
DLCDownloadable content
47%
Wi-FiWireless fedelity
44%
HDVHigh definition video
33%
AGPAccelerated graphics port
14%

Score Distribution

Percentile by Number Answered

Percent of People with Each Score

Your Score History

You have not taken this quiz since the last reset